000 00572nam a2200193Ia 4500
003 LDD
008 181029s9999 xx 000 0 und d
020 _a8184041659
_c350.00
040 _cLDD
100 _aGough,Michael
245 0 _aVideo Conferencing over IP
_bConfigure, Secure and Troubleshoot
_cMichael Gough
260 _aNew Delhi
_bShroff publishers
_c2006
300 _axx,314p.
365 _b350.00
901 _a3905
_b29-03-2007
902 _a1397
_b07-05-2007
_cF
_dBB
_e0
903 _aDiscount-10
_bReqst by : Moumita Das
942 _2ddc
_cBK
999 _c78963
_d78963